000 01151cam a22002651 4500
001 gs 27000042
003 DLC
005 20260227111331.0
008 791013s1925 tnuab s000 0 eng c
010 _ags 27000042
035 _a(OCoLC)5522372
040 _aU.S. Geol. Survey Library
_cViHarT
_dDLC
042 _apremarc
050 0 0 _aQE165
_b.A2 no. 33-A
051 _aTN805.T2
_bN4
_cCopy 2.
100 1 _aNelson, Wilbur Armistead,
_d1889-
245 1 4 _aThe southern Tennessee coal field
_bincluded in Bledsoe, Cumberland, Franklin, Grundy, Hamilton, Marion, Putnam, Rhea, Sequatchie, Van Buren, Warren, and White counties,
_cby Wilbur A. Nelson.
260 _aNashville, Tenn.,
_c1925.
300 _axvi, 239 p.
_bincl. illus., tables, diagr. VIII pl. (incl. fold. map, fold. profile)
_c23 cm.
490 0 _aTennessee. Dept. of Education. Division of Geology. Bulletin 33-A
500 _aBound together with Bulletin 33-C and 33-D.
500 _a"Analyses of mine samples," by A. C. Fieldner, H. M. Cooper and F. D. Osgood: p. 232-233.
500 _a"Analyses of delivered coal," by N. H. Snyder: p. 234-235.
650 0 _aCoal
_zTennessee
999 _c26533
_d26533